000 00612nam a2200181Ia 4500
008 090123s9999 xx 000 0 und d
082 _b35651
100 _aकुंटे प्रभाकर
245 _aमाझे जीवन राजकारण
250 _a0
260 _bग्रंथाली प्रकाशन
_c2003
300 _a263
600 _aकुंटे प्रभाकर
630 _aमाझे जीवन राजकारण
700 _aकुंटे प्रभाकर
730 _aमाझे जीवन राजकारण
942 _cBOOK
999 _c73718
_d73718